000 00939nam a2200229 i 4500
001 185900
003 ES-MaACL
005 20240228172251.0
008 160822q1920 sp |||| | spa d
080 _a821(4)-34"18/19"(082.2)
245 0 0 _aCuentos judíos contemporáneos /
_cIsrael Zangwill, Chalom Asch, Isaac L. Peretz, León Kobrin, David Priski, etc. con un estudio preliminar por R. Cansinos Assens...
260 _aMadrid :
_bEditorial América,
_c[1920?] (
_fA. G. Izquierdo)
300 _a301 p. ;
_c17 cm.
490 1 _aBiblioteca de autores célebres
500 _aEn el libro no aparece nada de David Priski y hay un cuento de Teodoro Herzl.
650 _aCuentos europeos-
_xAutores judíos.
_9160518
700 1 _aCansinos Asséns, Rafael,
_d1882-1964
_934616
700 0 _aZangwill, Israel.
_9117976
830 0 _aBiblioteca de autores célebres
_9184044
852 _aES-MaACL
_jF-2728
999 _c185900
_d185900